000 00694nam a2200265 i 4500
001 000043609
003 DO-SdBNP
005 20230425102608.0
007 ta
008 140331s1977 dr 000 0 spa d
040 _aDO-SdBNP
_bspa
_cBNPHU
_erda
082 _bL566
_222
100 _96748
245 1 0 _aLenguaje 2o curso, libro del alumno :
_beducación primaria
264 _aSanto Domingo :
_bEDYCA,
_c1977.
300 _a104 paginas. ;
_c26 cm.
336 _2rdacontent
_atexto
_btxt
337 _2rdamedia
_asin mediación
_bn
338 _2rdacarrier
_avolumen
_bnc
590 _aInventariado, 2023 / DG
650 _96749
650 _9498
910 _aDG
942 _2ddc
_cLBS1
999 _c53344
_d53344